| Tag |
First Indicator |
Second Indicator |
Subfields |
| LEADER |
00000cam a2200000 a 4500 |
| 001 |
in00000092257 |
| 005 |
20150923132028.0 |
| 008 |
801208s1980 mdu b 00010 eng d |
| 010 |
|
|
|a 80067848
|
| 020 |
|
|
|a 0937870005
|
| 035 |
|
|
|a (OCoLC)07010549
|
| 035 |
|
|
|9 AAK7339AM
|
| 040 |
|
|
|a HBS
|c HBS
|d UtOrBLW
|
| 049 |
|
|
|a TXAM
|c [1482233]
|
| 090 |
|
|
|a BF408
|b C552
|
| 100 |
1 |
|
|a Clark, Trevor.
|
| 245 |
1 |
4 |
|a The management of inventive people /
|c Trevor Clark.
|
| 250 |
|
|
|a 1st ed.
|
| 264 |
|
1 |
|a Severna Park, Md. :
|b Cove Press,
|c 1980.
|
| 300 |
|
|
|a xi, 177 pages ;
|c 23 cm.
|
| 336 |
|
|
|a text
|b txt
|2 rdacontent
|
| 337 |
|
|
|a unmediated
|b n
|2 rdamedia
|
| 338 |
|
|
|a volume
|b nc
|2 rdacarrier
|
| 504 |
|
|
|a Bibliography: pages 173-177.
|
| 650 |
|
0 |
|a Inventors
|x Management.
|
| 650 |
|
0 |
|a Inventions.
|
| 650 |
|
0 |
|a Creative ability
|x Management.
|
| 999 |
|
|
|a MARS
|
| 999 |
f |
f |
|s 6596d2bc-187d-3c6a-a79b-321cddced26f
|i 17952445-2099-33ab-bf7a-d1ef66c14ca0
|t 0
|
| 952 |
f |
f |
|p ric
|a Texas A&M University
|b Rellis Campus
|c Joint Library Facility
|d Remote Storage
|t 0
|e BF408 C552
|h Library of Congress classification
|i unmediated -- volume
|m A14805983666
|
| 998 |
f |
f |
|a BF408 C552
|t 0
|l Remote Storage
|